Personálny audit vo vybranom podniku diplomová práca

Na minha lista:
Detalhes bibliográficos
Autor principal: Kemková, Nina
Autor Corporativo: Fakulta podnikového manažmentu EU. Katedra manažmentu
Outros Autores: Szarková, Miroslava, 1951-
Formato: Livro
Idioma:eslovaco
Publicado em: Bratislava 2014
Tags: Adicionar Tag
Sem tags, seja o primeiro a adicionar uma tag!

MARC

LEADER 00000nbm a2200000 4500
001 0187857
005 20170201091513.5
041 0 |a slo 
044 |a SK 
245 1 0 |a Personálny audit vo vybranom podniku  |b diplomová práca  |c Nina Kemková ; školiteľ: Miroslava Szarková 
264 1 |a Bratislava  |c 2014 
300 |a 58 s. 
100 1 |a Kemková, Nina 
700 1 |a Szarková, Miroslava, 1951- 
710 2 |a Fakulta podnikového manažmentu EU. Katedra manažmentu